Living in the landscape : toward an aesthetics of environment
Αποθηκεύτηκε σε:
| Κύριος συγγραφέας: | |
|---|---|
| Μορφή: | Βιβλίο |
| Γλώσσα: | English |
| Δημοσίευση: |
Lawrence, Kansas :
1997
|
| Θέματα: | |
| Ετικέτες: |
Προσθήκη ετικέτας
Δεν υπάρχουν, Καταχωρήστε ετικέτα πρώτοι!
|
MARC
| LEADER | 00000nam a2200000 i 4500 | ||
|---|---|---|---|
| 001 | 1/97414 | ||
| 008 | 991222s1997 eng d | ||
| 020 | |a 0-7006-0811-7 | ||
| 035 | |l 10056126 | ||
| 040 | |a GR-MY-UA |b gre |e aacr | ||
| 041 | 0 | |a eng | |
| 082 | 0 | |a 304.2 | |
| 100 | 1 | |a Berleant, Arnold |d 1932- | |
| 245 | 1 | 0 | |a Living in the landscape : |b toward an aesthetics of environment / |c Arnold Berleant |
| 260 | |a Lawrence, Kansas : |c 1997 | ||
| 300 | |a 200 p. | ||
| 504 | |a Includes bibliographical references and index | ||
| 650 | 0 | 0 | |a Landscape assessment. |
| 650 | 0 | 0 | |a Environment (Aesthetics) |
| 650 | 0 | 0 | |a Nature (Aesthetics) |
| 852 | |a INST |b LESVOS |e 19991222 |h 304.2 BER |p 005100022483 |q 005100022483 |t BK |y 0 | ||
| 901 | |a BIBL1-2000-1 | ||
| 909 | |a Λ |b 071597 | ||
| 922 | |a 1ΕΛΗ |b 199912 |c ΚΠΣ/ΠΜΣ |d ΠΑΠΑΣΩΤΗΡΙΟΥ | ||
| 950 | |a 157-1999-06-07 | ||
| 970 | |a ΚΑΜΑΤΣΟΥ |b ΔΕΣΠΟΙΝΑ |z 2000/02/02 | ||